English for paramedics : case studies = Angličtina pro záchranáře : kazuistiky

Saved in:
Bibliographic Details
Main Author Baumruková, Irena, 1951- (Author)
Format Book
LanguageEnglish
Czech
Published [Velká Británie] : Xlibris, [2014]
Subjects
ISBN978-1-4931-3983-5
Physical Description475 stran ; 23 cm

Cover

LEADER 00000aam a2200000 i 4500
001 115734
003 CZ ZlUTB
005 20260601072753.0
007 ta
008 171023t20142014xxk e p 000 0 eng d
020 |a 978-1-4931-3983-5  |q (brožováno) 
040 |a OSA001  |b cze  |d ZLD002  |e rda  |9 1 
041 0 |a eng  |a cze 
072 7 |a 811.111  |x Angličtina  |2 Konspekt  |9 11 
072 7 |a 37.016  |x Učební osnovy. Vyučovací předměty. Učebnice  |2 Konspekt  |9 22 
080 |a 811.111  |2 MRF 
080 |a 614.88  |2 MRF 
080 |a 616.1/.9-052-07/-08  |2 MRF 
080 |a 81’373.46  |2 MRF 
080 |a (075)  |2 MRF 
080 |a (076.5)  |2 MRF 
080 |a (078.7)  |2 MRF 
100 1 |a Baumruková, Irena,  |d 1951-  |7 js20090622003  |4 aut 
245 1 0 |a English for paramedics :  |b case studies = Angličtina pro záchranáře : kazuistiky /  |c Irena Baumruková 
246 3 0 |a Angličtina pro záchranáře 
264 1 |a [Velká Británie] :  |b Xlibris,  |c [2014] 
264 4 |c ©2014 
300 |a 475 stran ;  |c 23 cm 
336 |a text  |b txt  |2 rdacontent 
337 |a bez média  |b n  |2 rdamedia 
338 |a svazek  |b nc  |2 rdacarrier 
500 |a Anglicko-český terminoligický slovník 
504 |a Obsahuje bibliografii 
650 0 7 |a angličtina  |7 ph114056  |2 czenas 
650 0 7 |a záchranářství  |7 ph117279  |2 czenas 
650 0 7 |a kazuistiky (lékařství)  |7 ph122501  |2 czenas 
650 0 7 |a oborová terminologie  |7 ph138998  |2 czenas 
650 0 9 |a English language  |2 eczenas 
650 0 9 |a emergency medical services  |2 eczenas 
650 0 9 |a casuistry (medicine)  |2 eczenas 
650 0 9 |a terminology (professional)  |2 eczenas 
655 7 |a učebnice  |7 fd133770  |2 czenas 
655 7 |a praktická cvičení  |7 fd133118  |2 czenas 
655 7 |a případové studie  |2 czenas 
655 9 |a textbooks  |2 eczenas 
655 9 |a problems, exercises, etc.  |2 eczenas 
655 9 |a case studies  |2 eczenas 
710 2 |a Xlibris Corporation (nakladatelství)  |7 xx0237021  |4 pbl 
910 |a ZLD002 
942 |2 udc 
952 |0 0  |1 0  |4 0  |6 8020BAUMRUKOVÁI  |7 0  |8 BOOK  |9 191363  |a UTBZL  |b UTBZL  |c 019  |d 2026-06-01  |l 0  |o 802.0/BAUMRUKOVÁ,I.  |p 420010202209  |r 2026-06-01 07:28:50  |v 399.00  |w 2026-06-01  |x N:nákup  |y 08 
952 |0 0  |1 0  |4 0  |6 8020BAUMRUKOVÁI  |7 0  |8 BOOK  |9 191364  |a UTBZL  |b UTBZL  |c 019  |d 2026-06-01  |l 0  |o 802.0/BAUMRUKOVÁ,I.  |p 420010202208  |r 2026-06-01 07:29:04  |v 399.00  |w 2026-06-01  |x N:nákup  |y 08 
992 |a BK  |b SKNEW 
999 |c 115734  |d 115734